A 2.ª cadeira e os seus professores (Record no. 44725)

MARC details
000 -Etiqueta do registo
Valores 00501cam a22001691 4500
100 ## - Dados gerais de processamento
Dados gerais 19931115d1937 m y0pory5003 ba
101 0# - Língua de publicação
Língua por
102 ## - País de publicação
País PT
200 1# - Titulo e menção de responsabilidade
Título próprio A 2.ª cadeira e os seus professores
Informação de outro título Cálculo infinitesimal
Primeira menção de responsabilidade Pedro José da Cunha
Título paralelo A Escola Politécnica de Lisboa
210 #9 - Publicação
Local de publicação Lisboa
Nome do editor Faculdade de Ciências de Lisboa
Data de publicação 1937
215 ## - Descrição física 
Paginação / Volumes 15 p.
675 ## - CDU
Notação 51(042)
700 #1 - Autor principal
Apelido Cunha,
Nome Pedro José da,
Datas 1867-1945
801 #0 - Fonte de origem
País PT
Agência BN
Regras de catalogação RPC
990 ## - Elementos KOHA
Tipo de documento Livro
Holdings
Aquisição Empréstimo Código de barras Cota Permissão de empréstimo Tipo de documento Nota relativa ao exemplar
Biblioteca Municipal de Redondo Biblioteca Municipal de Redondo 054721 51 CUN   Livro depósito

Powered by Koha